Bilecik Bilecik Bilecik Bilecik Bilecik

550. Yılında fetih ve İstanbul : (Record no. 8591)

MARC details
000 -BAŞLIK
Sabit Uzunluktaki Kontrol Alanı 01631nam a22003737a 4500
001 - KONTROL NUMARASI
Control Dosyası 0008619
003 - KONTROL NUMARASI KİMLİĞİ
Kontrol Alanı KOHA_MİRAKIL
005 - EN SON İŞLEM TARİHİ ve ZAMANI
Kontrol Alanı 20260207001642.0
007 - FİZİKSEL TANIM SABİT ALAN - GENEL BİLGİ
Sabit uzunluklu kontrol alanı ta
008 - SABİT UZUNLUKTAKİ VERİ ÖGELERİ - GENEL BİLGİ
Sabit Alan 091009b2007 tu |||gr||||#0|||0|tur |
020 ## - ISBN - ULUSLARARASI STANDART KİTAP NUMARASI
Isbn 9789751619624
Kullanılabilirlik koşulları TL5
040 ## - KATALOGLAMA KAYNAĞI
Özgün Kataloglama Kurumu TR-BiSEU
Kataloglama Dili tur
Çeviri Kurumu TR-BiSEU
Açıklama Kuralları rda
041 0# - DİL KODU
Metin ya da ses kaydının dil kodu tur
044 ## - YAYINLAYAN/ÜRETEN KURULUŞUN ÜLKE KODU
ISO country code tu
050 ## - SINIFLAMA ve YER NUMARASI
Sınıflama Numarası DR502
Yer Numarası .A15 2007
111 2# - TOPLANTI ADI
Toplantı Adı 550. Yılında fetih ve İstanbul ( İstanbul : 2003)
9 (RLIN) 21600
240 10 - TEK BİÇİM BAŞLIK
Tekbiçim Başlık <a href="The Conquest and Istanbul in 550th anniversary İstanbul, 14-15 Haziran 2003">The Conquest and Istanbul in 550th anniversary İstanbul, 14-15 Haziran 2003</a>
Language of a work Türkçe
245 1# - ESER ADI BİLDİRİMİ
Başlık 550. Yılında fetih ve İstanbul :
Alt Eseradı vb. Bildiriler =
-- The Conquest and Istanbul in 550th anniversary İstanbul, 14-15 Haziran 2003.
264 #1 - ÜRERİM, YAYIN, DAĞITIM ve TELİF BİLDİRİMİ
Yayın yeri Ankara :
Yayınlayan Atatürk Kültür Dil ve Tarih Yüksek Kurumu Türk Tarih Kurumu
Yayın tarihi 2007
300 ## - FİZİKSEL TANIMLAMA
Sayfa, Cilt vb. 188 sayfa
336 ## - İÇERİK TÜRÜ
Content type term metin
Content type code txt
Source rdacontent
337 ## - MEDYA TÜRÜ
Media type term aracısız
Media type code n
Source rdamedia
338 ## - TAŞIYICI TÜRÜ
Carrier type term cilt
Carrier type code nc
Source rdacarrier
490 1# - DİZİ BİLDİRİMİ
Dizi Bildirimi Atatürk Kültür Dil ve Tarih Yüksek Kurumu Türk Tarih Kurumu yayınları ;
Cilt Numarası XI.
490 1# - DİZİ BİLDİRİMİ
Dizi Bildirimi dizi-sayı 12.
500 ## - GENEL NOT
Genel Not Metin Türkçe ve İngilizce.
500 ## - GENEL NOT
Genel Not Kaynakça var.
505 ## - İÇİNDEKİLER NOTU
İçindekiler Notu lında fetih ve İstanbul : The Conquest and Istanbul in 550th anniversary : İstanbul, 14-15 Haziran 2003 (1 adet)
650 #0 - KONU BAŞLIĞI EK GİRİŞ - KONU TERİMİ
Konusal terim veya coğrafi ad İstanbul (Türkiye)--Fetih, 1453--Kongreler.
9 (RLIN) 21601
830 1# - SERİ EK GİRİŞİ - TEKBİÇİM ESER ADI
Tekbiçim Başlık Atatürk Kültür Dil ve Tarih Yüksek Kurumu Türk Tarih Kurumu yayınları ;
Volume number/sequential designation XI.
9 (RLIN) 17018
830 1# - SERİ EK GİRİŞİ - TEKBİÇİM ESER ADI
Tekbiçim Başlık dizi-sayı 12.
9 (RLIN) 21602
907 ## - LOCAL DATA ELEMENT G, LDG (RLIN)
a Tarih
942 ## - EK GİRİŞ ÖGELERİ (KOHA)
Source of classification or shelving scheme Library of Congress Classification
Koha item type Book
505 ## - İÇİNDEKİLER NOTU
-- lında fetih ve İstanbul : The conbquest and İstanbul in 550th anniversary İstanbul,14-15 Haziran 2003 (1 adet)
Holdings
Materyal Türü Kalıcı Konum Mevcut Konum Raf Yeri Sınıflandırma Kaynağı Edinim Bilgisi Ana Konular Alt Konular Yer Numarası Demirbaş Numarası Fatura Tarihi Maliyet, Alış Fiyatı Maliyet, Yenileme Fiyatı Geri Çekilme Durumu Kayıp Durumu Hasarlı Durumu Kredi için değil Kayıt Tarih Toplam Ödünçverme Son Görülme Tarihi Son Kontrol Tarihi Satın Alma Notu
Book Prof. Dr. Azmi Özcan Kütüphanesi Prof. Dr. Azmi Özcan Kütüphanesi Uluğbey Salonu Library of Congress Classification Satın DÜNYA TARİHİ (AVRUPA, ASYA, AFRİKA VB.) Balkan Yarımadası DR502 .A15 2007 0008619 09/09/2009 5.00 5.00         09/10/2009   05/12/2024 05/12/2024 283